[Event "XXVI. Rhein-Main-Open, Gruppe A"]
[Site "Bad Homburg vor der Höhe"]
[Date "2024.05.30"]
[Round "4"]
[White "Iwanziw, Niklas"]
[Black "Nagel, Matthias"]
[Result "1-0"]
[WhiteElo "1932"]
[BlackElo "1881"]
[PlyCount "95"]
[EventDate "2024.??.??"]
[WhiteTeam "SF Neuberg"]
[BlackTeam "SV 1920 Kelsterbach"]

1. d4 d5 2. c4 e6 3. Nf3 Nf6 4. g3 Bb4+ 5. Bd2 Be7 6. Bg2 O-O 7. Qc2 Nbd7 8. O-O c6 9. Bf4 Nh5 10. Bc1 f5 11. b3 Qe8 12. Ba3 Bxa3 13. Nxa3 a6 14. b4 Nhf6 15. Nb1 Qh5 16. Nbd2 Re8 17. a4 Ne4 18. e3 Ndf6 19. Ne5 Nxd2 20. Qxd2 Ng4 21. Nxg4 Qxg4 22. b5 Bd7 23. bxa6 bxa6 24. Rfb1 Qg5 25. Rb7 Qd8 26. Rab1 Bc8 27. R7b6 Qc7 28. a5 Ra7 29. f4 Re7 30. c5 Bb7 31. Bf1 Qc8 32. R1b3 Rc7 33. Qb2 Kf7 34. Be2 g6 35. Qb1 h5 36. Qf1 Kf6 37. Qh3 Kg7 38. Qf1 Kf7 39. Kf2 Kg7 40. Ke1 Kf7 41. Kd2 Kg7 42. Kc2 Kf7 43. Rxb7 Rcxb7 44. Bxa6 Qc7 45. Bxb7 Rxb7 46. Qa6 Rxb3 47. Kxb3 Qb8+ 48. Qb6 1-0

[Event "XXVI. Rhein-Main-Open, Gruppe A"]
[Site "Bad Homburg vor der Höhe"]
[Date "2024.05.30"]
[Round "4"]
[White "Klemp, Torben"]
[Black "Knuplesch, Ulrich"]
[Result "1-0"]
[WhiteElo "1893"]
[BlackElo "1725"]
[PlyCount "107"]
[EventDate "2024.??.??"]
[WhiteTeam "SV Oberursel"]
[BlackTeam "SK Bad Homburg 1927"]

1. d4 d5 2. Bf4 c6 3. c3 Nf6 4. e3 Qb6 5. Qc2 g6 6. Bd3 Bg7 7. h3 O-O 8. Nf3 Na6 9. b4 Qd8 10. Nbd2 Nc7 11. O-O a6 12. Ne5 Nh5 13. Bh2 Nb5 14. a4 Nd6 15. g4 Nf6 16. Nb3 Nfe4 17. c4 Ng5 18. Kg2 dxc4 19. Nxc4 Be6 20. f3 f5 21. Nc5 fxg4 22. hxg4 Bd5 23. e4 Nxc4 24. Bxc4 Bf7 25. Rad1 b6 26. Nxa6 Qc8 27. b5 cxb5 28. Bxf7+ Rxf7 29. Qxc8+ Rxc8 30. axb5 Rc3 31. Rc1 Rfxf3 32. Rxc3 Rxc3 33. e5 Rd3 34. Bg1 Nf7 35. Rc1 Nh6 36. Nb4 Rb3 37. Rc8+ Kf7 38. Nc6 Ke6 39. Rc7 Bf8 40. Nd8+ Kd5 41. Rd7+ Ke4 42. Ne6 Nxg4 43. Nxf8 Kf4 44. Ne6+ Kf5 45. Rxe7 h5 46. Ng7+ Ke4 47. Rf7 h4 48. e6 Rg3+ 49. Kf1 Rb3 50. e7 Rb1+ 51. Ke2 Rb2+ 52. Kd1 Kd3 53. Kc1 Kc3 54. Rf3+ 1-0

[Event "XXVI. Rhein-Main-Open, Gruppe A"]
[Site "Bad Homburg vor der Höhe"]
[Date "2024.05.30"]
[Round "4"]
[White "Kopf, Rainer"]
[Black "Schmitt, Hans Walter"]
[Result "1/2-1/2"]
[WhiteElo "1903"]
[BlackElo "2028"]
[PlyCount "86"]
[EventDate "2024.??.??"]
[WhiteTeam "SC Bellheim"]
[BlackTeam "SC Bad Soden"]

1. d4 Nf6 2. Nf3 e6 3. Bg5 h6 4. Bf4 d5 5. Nbd2 Nbd7 6. e3 b6 7. Bd3 Bb7 8. h3 Rc8 9. O-O c5 10. c3 Be7 11. Re1 O-O 12. Ne5 Nxe5 13. Bxe5 Nd7 14. Bh2 f5 15. Nf3 c4 16. Bc2 b5 17. a3 a5 18. Ne5 Nxe5 19. Bxe5 Bd6 20. Bxd6 Qxd6 21. f4 Bc6 22. Qf3 Qe7 23. Kh2 Rc7 24. Rg1 Be8 25. g4 Bg6 26. gxf5 Bxf5 27. Bxf5 Rxf5 28. Rg6 Rf6 29. Rag1 Rxg6 30. Rxg6 Qf7 31. Qg4 Kh7 32. Rxe6 Re7 33. Re5 g6 34. h4 Rxe5 35. dxe5 Qf5 36. Kg3 h5 37. Qf3 Qe6 38. Kf2 Kg7 39. Qg2 Kf7 40. Qg5 Qf5 41. Qd8 Qc2+ 42. Kg3 Qe4 43. Qb6 a4 1/2-1/2

[Event "XXVI. Rhein-Main-Open, Gruppe A"]
[Site "Bad Homburg vor der Höhe"]
[Date "2024.05.30"]
[Round "4"]
[White "Krause, Jonah"]
[Black "Eull, Emil"]
[Result "1-0"]
[WhiteElo "2345"]
[BlackElo "2113"]
[PlyCount "83"]
[EventDate "2024.??.??"]
[WhiteTeam "FC ST.Pauli 1910 eV SAbt"]
[BlackTeam "SF Neuberg"]

1. d4 d5 2. c4 e6 3. Nf3 Nf6 4. Nc3 Be7 5. Bf4 O-O 6. e3 b6 7. Bd3 dxc4 8. Bxc4 Ba6 9. Bxa6 Nxa6 10. Qa4 Nb4 11. O-O Nbd5 12. Nxd5 Nxd5 13. Bg3 Bd6 14. Rac1 Qe8 15. Qc4 Bxg3 16. hxg3 Rc8 17. b4 a6 18. Ne5 Qb5 19. Nc6 Qxc4 20. Rxc4 f5 21. a3 Rf7 22. Rfc1 g6 23. Kf1 Kg7 24. Ke2 g5 25. Kd3 Kf8 26. Ne5 Re7 27. Rc6 Rd8 28. f3 f4 29. e4 Ne3 30. gxf4 gxf4 31. Rxc7 Rxc7 32. Rxc7 Nxg2 33. Rxh7 Kg8 34. Rh2 Ne3 35. Rh4 Rc8 36. Rxf4 Nc2 37. Rf6 Nxa3 38. Rxe6 Nb5 39. Rc6 Rxc6 40. Nxc6 Kf7 41. Ne5+ Ke6 42. Nc4 1-0

[Event "XXVI. Rhein-Main-Open, Gruppe A"]
[Site "Bad Homburg vor der Höhe"]
[Date "2024.05.30"]
[Round "4"]
[White "Kretner, Georg Ulrich"]
[Black "von Auer, Ulrich"]
[Result "1/2-1/2"]
[WhiteElo "1886"]
[BlackElo "1981"]
[PlyCount "53"]
[EventDate "2024.??.??"]
[WhiteTeam "SC Bad Nauheim"]
[BlackTeam "SV Oberursel"]

1. d4 d5 2. c4 c6 3. Nf3 Nf6 4. Nc3 e6 5. e3 Nbd7 6. Bd3 dxc4 7. Bxc4 b5 8. Bd3 a6 9. O-O c5 10. Qe2 Bb7 11. Rd1 cxd4 12. exd4 Be7 13. b3 O-O 14. Bb2 Rc8 15. Rac1 Rc7 16. Ne4 Nxe4 17. Bxe4 Bxe4 18. Qxe4 Nf6 19. Qe2 Nd5 20. Ne5 Bd6 21. Rxc7 Qxc7 22. Rc1 Qb7 23. Nd3 Nf4 24. Nxf4 Bxf4 25. Rc3 h6 26. g3 Bd6 27. Qc2 1/2-1/2

[Event "XXVI. Rhein-Main-Open, Gruppe A"]
[Site "Bad Homburg vor der Höhe"]
[Date "2024.05.30"]
[Round "4"]
[White "Krychevskiy, Dmytro"]
[Black "Lindam, Ingo"]
[Result "0-1"]
[WhiteElo "1944"]
[BlackElo "2180"]
[PlyCount "122"]
[EventDate "2024.??.??"]
[WhiteTeam "SV Oberursel"]
[BlackTeam "SC Hilchenbach"]

1. e4 c5 2. c3 Nf6 3. e5 Nd5 4. d4 cxd4 5. Nf3 e6 6. cxd4 d6 7. Nc3 Nxc3 8. bxc3 Qc7 9. Bd2 Nd7 10. Bd3 b6 11. O-O Bb7 12. Qe2 dxe5 13. dxe5 Be7 14. Rfe1 O-O 15. Ng5 g6 16. Qe3 Qxe5 17. Qxe5 Nxe5 18. Rxe5 Rfd8 19. Be4 Bxe4 20. Nxe4 f5 21. Rxe6 fxe4 22. Be3 Kf7 23. Rxe4 Bf6 24. Bd4 Bxd4 25. cxd4 Rac8 26. Rd1 Rc2 27. h4 Rxa2 28. d5 Rd6 29. Rf4+ Kg7 30. g4 Re2 31. Rc1 Re7 32. Rd4 Red7 33. Kg2 a5 34. Rb1 Kf6 35. f4 h5 36. Kf3 Rc7 37. Rb3 Rc5 38. gxh5 gxh5 39. Ke4 Rc1 40. Rg3 Re1+ 41. Kf3 Rh1 42. Rg5 Rxh4 43. Ke4 Rh1 44. Rf5+ Ke7 45. Re5+ Kf6 46. Rf5+ Ke7 47. Re5+ Kd7 48. Rg5 Re1+ 49. Kf5 Rh6 50. Rg6 Rxg6 51. Kxg6 h4 52. f5 h3 53. Rh4 Rg1+ 54. Kf7 Rg3 55. f6 b5 56. Kf8 b4 57. Rh7+ Kd6 58. f7 b3 59. Ke8 Re3+ 60. Kd8 Rf3 61. Rxh3 Rxf7 0-1

[Event "XXVI. Rhein-Main-Open, Gruppe A"]
[Site "Bad Homburg vor der Höhe"]
[Date "2024.05.30"]
[Round "4"]
[White "Mandalka, Justus"]
[Black "Kuhn, Gerhard"]
[Result "0-1"]
[WhiteElo "1837"]
[BlackElo "1989"]
[PlyCount "72"]
[EventDate "2024.??.??"]
[WhiteTeam "SK Bad Homburg 1927"]
[BlackTeam "SK Marburg 1931/72"]

1. e4 c6 2. d4 d5 3. Nc3 dxe4 4. Nxe4 Bf5 5. Ng3 Bg6 6. Nf3 Nd7 7. h4 h6 8. Bd3 Bxd3 9. Qxd3 e6 10. O-O Ngf6 11. Bd2 Be7 12. Rad1 O-O 13. Rfe1 Re8 14. c4 Qc7 15. Bc3 Rad8 16. Qc2 b5 17. b3 Rb8 18. Ne2 Bf8 19. g3 bxc4 20. bxc4 Bb4 21. Nf4 Qa5 22. Bxb4 Rxb4 23. Ne5 Qa4 24. Qe2 c5 25. g4 Nxe5 26. dxe5 Rxc4 27. exf6 Rxf4 28. fxg7 Rxg4+ 29. Kf1 Rxh4 30. Rc1 Qf4 31. Rxc5 Rh1+ 32. Kg2 Qh2+ 33. Kf3 Qh3+ 34. Ke4 Qh4+ 35. Kd3 Rd8+ 36. Kc2 Qa4+ 0-1

[Event "XXVI. Rhein-Main-Open, Gruppe A"]
[Site "Bad Homburg vor der Höhe"]
[Date "2024.05.30"]
[Round "4"]
[White "Marschner, Thomas"]
[Black "Erdmann, Stefan"]
[Result "1-0"]
[WhiteElo "1965"]
[BlackElo "2110"]
[PlyCount "119"]
[EventDate "2024.??.??"]
[WhiteTeam "SVG Eppstein 1932"]
[BlackTeam "SK Bad Homburg 1927"]

1. e4 c5 2. Nf3 Nc6 3. Bb5 Nf6 4. e5 Nd5 5. Nc3 Nc7 6. Bxc6 dxc6 7. h3 Bf5 8. O-O h6 9. d3 Ne6 10. Be3 Nd4 11. Ne4 e6 12. Nfd2 Be7 13. c3 g5 14. Nc4 Bxe4 15. dxe4 Nb5 16. a4 Qxd1 17. Raxd1 Nc7 18. Nd6+ Bxd6 19. exd6 Na6 20. f4 Rg8 21. fxg5 hxg5 22. d7+ Ke7 23. d8=Q+ Raxd8 24. Rxd8 Kxd8 25. Rxf7 Kc8 26. Re7 Nc7 27. Bxc5 Kd8 28. Bd6 Ne8 29. e5 Rg7 30. Rxe6 Kd7 31. Rh6 Nxd6 32. exd6 g4 33. Kf2 gxh3 34. gxh3 a5 35. h4 Rg4 36. b3 b5 37. axb5 cxb5 38. Kf3 Rg1 39. Rh5 b4 40. cxb4 Rb1 41. bxa5 Rxb3+ 42. Kf4 Kxd6 43. Rh6+ Kc7 44. a6 Rh3 45. h5 Rh1 46. Kg5 Rg1+ 47. Kf6 Rf1+ 48. Kg7 Rh1 49. Rh8 Kb6 50. h6 Rg1+ 51. Kh7 Ka7 52. Rg8 Rh1 53. Rg6 Rc1 54. Kh8 Rc8+ 55. Rg8 Rc1 56. h7 Rh1 57. Kg7 Rg1+ 58. Kf6 Rf1+ 59. Ke5 Re1+ 60. Kf4 1-0

[Event "XXVI. Rhein-Main-Open, Gruppe A"]
[Site "Bad Homburg vor der Höhe"]
[Date "2024.05.30"]
[Round "4"]
[White "Milov, Leonid"]
[Black "Minor, Samuel"]
[Result "1-0"]
[WhiteElo "2424"]
[BlackElo "2210"]
[PlyCount "61"]
[EventDate "2024.??.??"]
[WhiteTeam "SC Noris-Tarrasch Nürnberg 1873"]
[BlackTeam "Wiesbadener SV 1885"]

1. d4 Nf6 2. c4 e6 3. g3 d5 4. Nf3 Bb4+ 5. Bd2 Be7 6. Bg2 O-O 7. O-O c6 8. Qc2 Nbd7 9. Bf4 Nh5 10. Bc1 Nhf6 11. Nbd2 b6 12. e4 Bb7 13. e5 Ne8 14. cxd5 cxd5 15. Re1 Rc8 16. Qb1 Qc7 17. Bf1 Qc2 18. Bd3 Qxb1 19. Nxb1 Nc7 20. Nc3 Ba6 21. Bb1 Bb4 22. Bd2 Nb5 23. Ne2 Bxd2 24. Nxd2 f5 25. Nf3 h6 26. h4 Rc6 27. h5 Kf7 28. Nf4 Rfc8 29. Bxf5 exf5 30. e6+ Ke7 31. exd7+ 1-0

[Event "XXVI. Rhein-Main-Open, Gruppe A"]
[Site "Bad Homburg vor der Höhe"]
[Date "2024.05.30"]
[Round "4"]
[White "Moeller, Dustin"]
[Black "Lesny, Florian"]
[Result "1/2-1/2"]
[WhiteElo "2182"]
[BlackElo "2227"]
[PlyCount "45"]
[EventDate "2024.??.??"]
[WhiteTeam "Preetzer TSV"]
[BlackTeam "SK Bad Homburg 1927"]

1. d4 d5 2. c4 e6 3. Nf3 Nf6 4. g3 Be7 5. Bg2 O-O 6. O-O c6 7. Qc2 b6 8. Rd1 Bb7 9. b3 Nbd7 10. Bb2 Rc8 11. Nc3 Ba6 12. e4 dxc4 13. bxc4 Bxc4 14. Ne5 Ba6 15. Qa4 Bb7 16. Qxa7 Qc7 17. Nxd7 Nxd7 18. Qa4 b5 19. Qb3 b4 20. Na4 c5 21. dxc5 Nxc5 22. Nxc5 Bxc5 23. Bd4 1/2-1/2

[Event "XXVI. Rhein-Main-Open, Gruppe A"]
[Site "Bad Homburg vor der Höhe"]
[Date "2024.05.30"]
[Round "4"]
[White "Moldenhauer, Lennart"]
[Black "Thomas, Tobias"]
[Result "1-0"]
[WhiteElo "1768"]
[BlackElo "1967"]
[PlyCount "99"]
[EventDate "2024.??.??"]
[WhiteTeam "SV Oberursel"]
[BlackTeam "SK Langen"]

1. e4 c5 2. a3 e6 3. b4 b6 4. Bb2 Bb7 5. d3 Nf6 6. c3 d5 7. e5 Nfd7 8. d4 a5 9. b5 Be7 10. Bd3 Qc7 11. Qg4 g6 12. Nd2 Nf8 13. f4 f5 14. exf6 Bxf6 15. Ngf3 Nbd7 16. Ne5 Rg8 17. Ndf3 O-O-O 18. Ng5 Bxg5 19. Qxg5 Re8 20. g4 Nxe5 21. fxe5 Qe7 22. h4 Nd7 23. Ke2 Rgf8 24. Qxe7 Rxe7 25. Raf1 Kd8 26. Bc1 Ke8 27. h5 Rxf1 28. Rxf1 Rg7 29. hxg6 hxg6 30. Rh1 Rg8 31. Rh7 Bc8 32. Bh6 c4 33. Bc2 Bb7 34. a4 Bc8 35. Bg5 Nb8 36. Bh6 Nd7 37. Bg5 Nb8 38. Kf2 Bd7 39. Kg2 Kf8 40. Bh6+ Ke8 41. Bc1 Kd8 42. Ba3 Be8 43. Re7 Bd7 44. Bd6 Bc8 45. Rh7 Nd7 46. Rh6 g5 47. Rh7 Ke8 48. Re7+ Kd8 49. Bh7 Re8 50. Rg7 1-0

[Event "XXVI. Rhein-Main-Open, Gruppe A"]
[Site "Bad Homburg vor der Höhe"]
[Date "2024.05.30"]
[Round "4"]
[White "Muehlpfordt, Thomas"]
[Black "Oezdemir, Ali Oezden"]
[Result "1/2-1/2"]
[WhiteElo "1990"]
[BlackElo "2005"]
[PlyCount "72"]
[EventDate "2024.??.??"]
[WhiteTeam "SC 1997 Lambsheim"]
[BlackTeam "SK Langen"]

1. e4 c5 2. Nf3 d6 3. d4 cxd4 4. Nxd4 Nf6 5. Nc3 g6 6. Be3 Bg7 7. f3 O-O 8. Qd2 Nc6 9. Bc4 Nxd4 10. Bxd4 Be6 11. Bxe6 fxe6 12. O-O-O Qa5 13. Kb1 Rac8 14. h4 Nh5 15. Bxg7 Kxg7 16. Qd4+ Kg8 17. Ne2 Qc5 18. Qd2 Qf2 19. Nd4 Qxd2 20. Rxd2 Kf7 21. Ne2 Ke8 22. c3 Kd7 23. Kc2 b5 24. Kd3 a5 25. Ke3 b4 26. cxb4 axb4 27. g4 Nf6 28. Rd4 Rb8 29. Rc1 Rb7 30. a3 bxa3 31. bxa3 Ra8 32. a4 e5 33. Rdc4 Ke6 34. Nc3 Rb3 35. Kd2 Ra5 36. Kc2 Rb6 1/2-1/2

[Event "XXVI. Rhein-Main-Open, Gruppe A"]
[Site "Bad Homburg vor der Höhe"]
[Date "2024.05.30"]
[Round "4"]
[White "Mueller, Christian"]
[Black "Nickel, Jonas"]
[Result "0-1"]
[WhiteElo "2197"]
[BlackElo "1908"]
[PlyCount "72"]
[EventDate "2024.??.??"]
[WhiteTeam "SC Windischeschenbach"]
[BlackTeam "Schachdr. Büdingen-Wächtersbach"]

1. e4 c5 2. c3 d5 3. exd5 Qxd5 4. d4 g6 5. Nf3 Nf6 6. Nbd2 cxd4 7. Bc4 Qd6 8. Qb3 e6 9. O-O Bg7 10. Nxd4 O-O 11. Rd1 e5 12. N4f3 Qc7 13. Re1 Nc6 14. Bf1 Be6 15. Qa4 Rfe8 16. Qh4 Bf5 17. Nc4 Nd5 18. Ng5 h6 19. Ne4 Qe7 20. Qxe7 Rxe7 21. Ncd6 Rd8 22. Nxf5 gxf5 23. Ng3 f4 24. Nf5 Red7 25. Nxg7 Kxg7 26. Bc4 Nb6 27. Bb3 f5 28. Bc2 Kf6 29. g3 f3 30. Bxh6 Rh7 31. Be3 Rh3 32. Red1 Rdh8 33. Kf1 Rxh2 34. Ke1 Nc4 35. Bd3 Rh1+ 36. Bf1 Rxf1+ 0-1

[Event "XXVI. Rhein-Main-Open, Gruppe A"]
[Site "Bad Homburg vor der Höhe"]
[Date "2024.05.30"]
[Round "4"]
[White "Nagel, Bernhard"]
[Black "Jonnek, Thomas"]
[Result "1/2-1/2"]
[WhiteElo "2192"]
[BlackElo "1996"]
[PlyCount "106"]
[EventDate "2024.??.??"]
[WhiteTeam "Kölner SK Dr. Lasker 1861"]
[BlackTeam "SF Bremer Osten Bgh. Mahndorf"]

1. Nf3 d6 2. d4 Bg4 3. c3 c6 4. Nbd2 Nd7 5. Qb3 Qb6 6. h3 Bxf3 7. Nxf3 Ngf6 8. Bf4 g6 9. e3 Bg7 10. g4 Nd5 11. Bc4 Qxb3 12. Bxb3 Nxf4 13. exf4 h5 14. Ng5 d5 15. O-O-O Bf6 16. Nf3 e6 17. Rde1 hxg4 18. hxg4 Rxh1 19. Rxh1 Ke7 20. Re1 Kf8 21. Bc2 Re8 22. Kd2 Kg7 23. Bd3 Kf8 24. b4 Bd8 25. a4 Bc7 26. Ne5 Nxe5 27. fxe5 Kg7 28. Rh1 g5 29. Rh7+ Kg8 30. Ke3 Re7 31. f4 gxf4+ 32. Kxf4 Bd8 33. Rh6 Rc7 34. g5 Be7 35. Kg4 Bf8 36. Bh7+ Kh8 37. Rh3 a5 38. Bd3+ Kg8 39. bxa5 c5 40. Kf4 cxd4 41. cxd4 Bb4 42. a6 bxa6 43. Bxa6 Bd2+ 44. Kg4 Rc3 45. Bd3 Rc1 46. Rh2 Bc3 47. Kf4 Bxd4 48. Ra2 Re1 49. Be2 Bc3 50. Kf3 Rg1 51. Kf4 Re1 52. Kf3 Rg1 53. Kf4 Re1 1/2-1/2

[Event "XXVI. Rhein-Main-Open, Gruppe A"]
[Site "Bad Homburg vor der Höhe"]
[Date "2024.05.30"]
[Round "4"]
[White "Nagel, Daniel"]
[Black "Jakob, Steffen"]
[Result "1-0"]
[WhiteElo "1928"]
[BlackElo "1836"]
[PlyCount "119"]
[EventDate "2024.??.??"]
[WhiteTeam "SF Neuberg"]
[BlackTeam "Sges Bensheim 1931"]

1. d4 d5 2. Nf3 Nf6 3. g3 c6 4. Bg2 h6 5. c4 Bf5 6. Nc3 e6 7. Qb3 Qb6 8. c5 Qa6 9. Bf1 b5 10. a4 Nbd7 11. Bf4 g5 12. Be5 Nxe5 13. Nxe5 Nd7 14. Nxd7 Kxd7 15. Ra2 b4 16. e4 Qc8 17. exf5 bxc3 18. fxe6+ fxe6 19. Qxc3 Bg7 20. Be2 Qc7 21. O-O Rae8 22. b4 e5 23. Bg4+ Kd8 24. dxe5 Rxe5 25. Qd3 h5 26. Bf3 Qe7 27. Qa6 g4 28. Bg2 Re6 29. b5 Qxc5 30. bxc6 Rxc6 31. Qb7 Be5 32. Rd2 Rd6 33. Rfd1 d4 34. Qa8+ Kd7 35. Qb7+ Kd8 36. Qa8+ Kd7 37. Qe4 Re6 38. Qb7+ Ke8 39. Qa8+ Kd7 40. Qb7+ Ke8 41. Qe4 Kd7 42. Rc2 Qb6 43. Qd5+ Ke7 44. a5 Qd6 45. Qb7+ Qd7 46. Qb4+ Kf7 47. Qc4 Ke7 48. Rb2 Rc8 49. Qd3 Kf8 50. Rb7 Rc7 51. Rdb1 Kg7 52. Qf5 Kh6 53. Be4 Bd6 54. R1b5 Rxb7 55. Rxb7 Bc7 56. Rxc7 Qxc7 57. Qxe6+ Kg7 58. Qg6+ Kf8 59. Qf6+ Kg8 60. Bd5+ 1-0

[Event "XXVI. Rhein-Main-Open, Gruppe A"]
[Site "Bad Homburg vor der Höhe"]
[Date "2024.05.30"]
[Round "4"]
[White "Neukirchner, Pascal"]
[Black "Poetsch, Hagen"]
[Result "1-0"]
[WhiteElo "2212"]
[BlackElo "2462"]
[PlyCount "115"]
[EventDate "2024.??.??"]
[WhiteTeam "SK Gründau"]
[BlackTeam "SC Heusenstamm"]

1. Nf3 Nf6 2. g3 b5 3. Bg2 Bb7 4. O-O e6 5. d3 Be7 6. e4 d6 7. Re1 O-O 8. Nbd2 c5 9. a4 b4 10. e5 dxe5 11. Nxe5 Qc8 12. Ndc4 Nc6 13. a5 Nd4 14. c3 Bxg2 15. Kxg2 Qb7+ 16. Kg1 Nf5 17. Qa4 Rac8 18. a6 Qc7 19. Bd2 Nd5 20. Na5 Bd6 21. Nec4 Be7 22. Qb5 Bf6 23. Rac1 bxc3 24. bxc3 Nd6 25. Nxd6 Qxd6 26. Nc4 Qc6 27. Qa5 Rfd8 28. Rb1 Nc7 29. Rb7 Nxa6 30. Rxa7 Nc7 31. Bf4 Nb5 32. Ra6 Qe8 33. Be5 Rxd3 34. Bxf6 gxf6 35. Rb6 Nxc3 36. Nd6 Ra8 37. Ra6 Rxa6 38. Qxa6 Rxd6 39. Qxd6 Qc8 40. Re3 Nb5 41. Qe7 Kg7 42. Rf3 f5 43. Rb3 Qc6 44. Qg5+ Kf8 45. Qd8+ Kg7 46. Qg5+ Kf8 47. Rb2 Ke8 48. Qg8+ Ke7 49. Qb8 Nd6 50. Rb6 Qd7 51. Ra6 Nb5 52. Rb6 Nd6 53. Ra6 Nb5 54. Ra5 Qd1+ 55. Kg2 Qd5+ 56. Kh3 f4 57. Qxb5 Qh5+ 58. Kg2 1-0

[Event "XXVI. Rhein-Main-Open, Gruppe A"]
[Site "Bad Homburg vor der Höhe"]
[Date "2024.05.30"]
[Round "4"]
[White "Olson, Philip Christoph"]
[Black "Hoelss, Silas"]
[Result "1-0"]
[WhiteElo "1792"]
[BlackElo "1756"]
[PlyCount "65"]
[EventDate "2024.??.??"]
[WhiteTeam "SC Bad Nauheim"]
[BlackTeam "SSG Hungen-Lich"]

1. e4 c5 2. Nf3 g6 3. d4 cxd4 4. Nxd4 Bg7 5. c4 Nf6 6. Nc3 Nc6 7. Be3 d6 8. Be2 O-O 9. O-O Nxd4 10. Bxd4 b6 11. f3 Bb7 12. Qd2 Rc8 13. Rab1 Ba6 14. b3 Re8 15. Rfd1 e6 16. e5 dxe5 17. Bxe5 Qxd2 18. Rxd2 Red8 19. Rbd1 Rxd2 20. Rxd2 Bb7 21. Rd1 Ne8 22. Bxg7 Kxg7 23. Kf2 f5 24. Rd7+ Kf6 25. Rxb7 Rc7 26. Rxc7 Nxc7 27. Nb5 Nxb5 28. cxb5 e5 29. Ke3 Ke6 30. Bc4+ Kd6 31. Bg8 h6 32. Bh7 f4+ 33. Ke4 1-0

[Event "XXVI. Rhein-Main-Open, Gruppe A"]
[Site "Bad Homburg vor der Höhe"]
[Date "2024.05.30"]
[Round "4"]
[White "Papadopoulos, Ioannis"]
[Black "Nothnagel, Marian Can"]
[Result "0-1"]
[WhiteElo "2198"]
[BlackElo "2393"]
[PlyCount "164"]
[EventDate "2024.??.??"]
[WhiteTeam "SV Oberursel"]
[BlackTeam "SK Bickenbach"]

1. e4 e5 2. Nf3 Nc6 3. Bc4 Nf6 4. d3 Bc5 5. c3 d6 6. O-O a5 7. Re1 Ba7 8. Na3 h6 9. Nb5 Bb6 10. Be3 Bxe3 11. Rxe3 O-O 12. d4 exd4 13. cxd4 d5 14. exd5 Ne7 15. Re5 Ng6 16. Re1 Nf4 17. Re5 Ng6 18. Re1 Ne7 19. Re5 Nd7 20. Re1 Nb6 21. d6 cxd6 22. Bd3 Be6 23. Nd2 Qd7 24. Qf3 Nbd5 25. a3 Rfd8 26. h3 Rac8 27. Ne4 Rc6 28. Rac1 Nf5 29. g4 Nh4 30. Qg3 Ng6 31. Nbc3 Nxc3 32. Nxc3 Ne7 33. f4 Bc4 34. Bb1 b5 35. Qe3 Kf8 36. Qe4 f5 37. Qf3 b4 38. axb4 axb4 39. Ne2 Bd5 40. Qg3 Rdc8 41. Rxc6 Qxc6 42. gxf5 Ng8 43. f6 Nxf6 44. f5 Qb6 45. Rd1 Nh5 46. Qf2 Bb3 47. Re1 Re8 48. Qf3 Bf7 49. Rd1 Qd8 50. Qg4 Nf6 51. Qg2 Bh5 52. Rd2 Qe7 53. Nf4 Qe1+ 54. Kh2 Bf3 55. Ba2 d5 56. Nd3 Bxg2 57. Nxe1 Rxe1 58. Kxg2 Ke7 59. Kf3 Rh1 60. Re2+ Kd6 61. Re6+ Kd7 62. Rb6 Rxh3+ 63. Kg2 Rd3 64. Rxb4 Kc6 65. Bb3 Ne4 66. Ba4+ Kc7 67. Be8 Nd6 68. Bg6 h5 69. f6 Rd2+ 70. Kf3 gxf6 71. Bxh5 Nf5 72. Bf7 Kc6 73. Ra4 Kb5 74. Ra8 Rxd4 75. Rd8 Kc5 76. b4+ Kc6 77. b5+ Kc5 78. b6 Nd6 79. Be6 Rb4 80. Rf8 Rxb6 81. Rxf6 Ne4 82. Rg6 Rxe6 0-1

[Event "XXVI. Rhein-Main-Open, Gruppe A"]
[Site "Bad Homburg vor der Höhe"]
[Date "2024.05.30"]
[Round "4"]
[White "Pichl, Christoph"]
[Black "Koehlich, Viktor"]
[Result "0-1"]
[WhiteElo "1837"]
[BlackElo "1798"]
[PlyCount "100"]
[EventDate "2024.??.??"]
[WhiteTeam "SK Bad Homburg 1927"]
[BlackTeam "SC Matt im Park Ffm"]

1. d4 Nf6 2. g3 d5 3. Nf3 g6 4. Bg2 Bg7 5. O-O O-O 6. c4 c6 7. e3 Bf5 8. Nc3 Qc8 9. b3 Bh3 10. Bb2 Bxg2 11. Kxg2 Nbd7 12. Rc1 Qd8 13. Qe2 Re8 14. cxd5 cxd5 15. Nb5 Rc8 16. Rxc8 Qxc8 17. Rc1 Qb8 18. Qc2 a6 19. Na3 e6 20. Ne5 Nxe5 21. dxe5 Ng4 22. h3 Nxe5 23. Qc3 b5 24. b4 a5 25. f4 axb4 26. Qc7 Qxc7 27. Rxc7 bxa3 28. Bxe5 Bxe5 29. fxe5 Rb8 30. Ra7 b4 31. Ra4 h5 32. Kf3 g5 33. h4 gxh4 34. gxh4 Kg7 35. e4 b3 36. axb3 Rxb3+ 37. Kf4 dxe4 38. Rxe4 Kg6 39. Re1 a2 40. Rg1+ Kh6 41. Ra1 Ra3 42. Ke4 Ra4+ 43. Ke3 Kg6 44. Rg1+ Kh7 45. Ra1 Kg8 46. Kd3 Kf8 47. Kc3 Ke7 48. Kb3 Ra8 49. Kc4 f6 50. exf6+ Kxf6 0-1

[Event "XXVI. Rhein-Main-Open, Gruppe A"]
[Site "Bad Homburg vor der Höhe"]
[Date "2024.05.30"]
[Round "4"]
[White "Pichl, Michael"]
[Black "Schmitt, Clemens"]
[Result "0-1"]
[WhiteElo "1860"]
[BlackElo "1884"]
[PlyCount "64"]
[EventDate "2024.??.??"]
[WhiteTeam "SV Empor Erfurt"]
[BlackTeam "SV Bergwinkel"]

1. e4 c5 2. Nf3 Nc6 3. g3 g6 4. Bg2 Bg7 5. O-O e5 6. Nc3 Nge7 7. Re1 d6 8. Nd5 Nxd5 9. exd5 Ne7 10. c4 O-O 11. d3 h6 12. Rb1 a5 13. a3 Bd7 14. b4 axb4 15. axb4 b6 16. b5 Ra2 17. Qb3 Qa8 18. d4 Bf5 19. dxe5 Bc2 20. Qe3 Bxb1 21. exd6 Nf5 22. Qf4 Qd8 23. Ne5 Qxd6 24. Nc6 Bd3 25. Qxd6 Nxd6 26. Bf4 Nxc4 27. d6 g5 28. d7 gxf4 29. d8=Q Rxd8 30. Nxd8 Ra1 31. Rxa1 Bxa1 32. gxf4 Nd6 0-1

[Event "XXVI. Rhein-Main-Open, Gruppe A"]
[Site "Bad Homburg vor der Höhe"]
[Date "2024.05.30"]
[Round "4"]
[White "Qayumi, Roman"]
[Black "Bollmann, Henrik"]
[Result "0-1"]
[WhiteElo "1889"]
[BlackElo "2084"]
[PlyCount "104"]
[EventDate "2024.??.??"]
[WhiteTeam "SK Stadtallendorf"]
[BlackTeam "SC Bad Nauheim"]

1. d4 Nf6 2. c4 c5 3. d5 e5 4. Nc3 d6 5. e4 Nbd7 6. Be2 Be7 7. Nf3 O-O 8. O-O Ne8 9. Ne1 Bg5 10. Nd3 Bxc1 11. Qxc1 Qe7 12. a3 g6 13. b4 b6 14. Qc2 Ng7 15. bxc5 bxc5 16. Rab1 f5 17. Qa4 Nf6 18. f3 a6 19. Rb6 Ra7 20. Qc6 Rd8 21. Rfb1 Rc7 22. Qa4 Ngh5 23. Qd1 f4 24. Nf2 g5 25. Kf1 Ng7 26. Ke1 h5 27. h3 Nge8 28. Kd2 Rb7 29. Qb3 Ra7 30. Rb8 Nd7 31. Na4 Nxb8 32. Qxb8 Rb7 33. Rxb7 Qxb7 34. Qxb7 Bxb7 35. Nc3 Rb8 36. Kc2 Bc8 37. Nb1 Bd7 38. Nc3 Kf7 39. Bd1 Nf6 40. Be2 Kg6 41. Bd1 g4 42. hxg4 hxg4 43. Nd3 Kg5 44. Kd2 Kh4 45. Ke1 Kg3 46. Kf1 gxf3 47. gxf3 Bh3+ 48. Ke2 Bg2 49. Ne1 Rb2+ 50. Kd3 Bf1+ 51. Be2 Bxe2+ 52. Nxe2+ Kf2 0-1

[Event "XXVI. Rhein-Main-Open, Gruppe A"]
[Site "Bad Homburg vor der Höhe"]
[Date "2024.05.30"]
[Round "4"]
[White "Rabiya, Karim"]
[Black "Hornung, Thomas"]
[Result "1-0"]
[WhiteElo "1814"]
[BlackElo "2031"]
[PlyCount "75"]
[EventDate "2024.??.??"]
[WhiteTeam "SK Niederbrechen 1948"]
[BlackTeam "SK Eberstadt 1924"]

1. e4 c6 2. Nc3 d5 3. Nf3 dxe4 4. Nxe4 Nf6 5. Qe2 Nxe4 6. Qxe4 Qd5 7. Qf4 Qf5 8. Qc4 Qe6+ 9. Be2 Qxc4 10. Bxc4 Bf5 11. Bb3 a5 12. a4 h5 13. O-O Na6 14. d4 Nb4 15. c3 Nd5 16. Re1 f6 17. Nh4 Bh7 18. f4 g6 19. Bc2 Kf7 20. Bd2 Bh6 21. Rf1 e6 22. Rae1 Nxf4 23. Bxf4 Bxf4 24. Rxf4 g5 25. Bxh7 gxf4 26. Bg6+ Ke7 27. Bf5 e5 28. Ng6+ Kd6 29. Nxh8 Rxh8 30. dxe5+ fxe5 31. Rd1+ Kc5 32. Rd7 Rg8 33. Rxb7 f3 34. g3 Rf8 35. Be4 f2+ 36. Kf1 h4 37. Rc7 Rf6 38. Rxc6+ 1-0

[Event "XXVI. Rhein-Main-Open, Gruppe A"]
[Site "Bad Homburg vor der Höhe"]
[Date "2024.05.30"]
[Round "4"]
[White "Scheerer, Amelie"]
[Black "Streit, Juergen"]
[Result "1-0"]
[WhiteElo "1734"]
[BlackElo "1884"]
[PlyCount "35"]
[EventDate "2024.??.??"]
[WhiteTeam "SV 1934 Ffm-Griesheim"]
[BlackTeam "Schachzirk. Elstertal Langenberg"]

1. e4 c5 2. Nf3 e6 3. d4 cxd4 4. Nxd4 a6 5. Nc3 Qc7 6. Bd3 Nf6 7. f4 d6 8. Qf3 Be7 9. g4 h6 10. Be3 Nc6 11. O-O-O Nxd4 12. Bxd4 e5 13. g5 Bg4 14. Qg3 Bxd1 15. gxf6 exd4 16. Qxg7 Kd7 17. Nd5 Qc5 18. Rxd1 1-0